| 000 | 00846nam a22002297a 4500 | ||
|---|---|---|---|
| 999 |
_c15475 _d15475 |
||
| 003 | AR-CdUCM | ||
| 008 | 190427b ||||| |||| 00| 0 spa d | ||
| 040 |
_aMUNICIPALIDAD PROVINCIAL DEL CUSCO _cBIBLIOTECA MUNICIPAL DEL CUSCO |
||
| 082 |
_a347.985 / _bS19 / 1919 |
||
| 100 |
_aSamanamú, F. _934559 |
||
| 245 | _aManual de derecho mercantil peruano / | ||
| 260 |
_aLima : _bSanmartí y ca., _c1919. |
||
| 300 |
_a938 páginas ; _c21.5 cm. |
||
| 500 | _aDedicatoria | ||
| 505 | _aContenido: Industria -- Fuente del derecho mercantil -- Derecho de comercio terrestre -- Registro mercantil -- De los libros y de la contabilidad de comercio... | ||
| 650 |
_aSociedades comerciales _98648 |
||
| 650 |
_aLegislación _92962 |
||
| 650 |
_aContratos comerciales _934560 |
||
| 650 |
_aPerú _935 |
||
| 942 |
_2ddc _cLIBROS |
||
| 945 |
_aacv _d2019-04-27 |
||